practice 2♤ - Statistics

General Stats
  • This quiz has been taken 28 times
    6 since last reset
  • The average score is 11 of 40
Answer Stats
pair pair % Correct
2♤ T◇ Wine sauce
100%
2♤ 3♡ enemies
50%
2♤ 3◇ Gnomes
50%
2♤ 2◇ Hen house
50%
2♤ 7♧ Kneecap
50%
2♤ A◇ Knights
50%
2♤ 9◇ Knobs
50%
2♤ 6♡ nachos
50%
2♤ 5◇ Nails
50%
2♤ 5♤ nail up
50%
2♤ 4♧ New rope
50%
2♤ 9♡ nibs
50%
2♤ T♡ nieces
50%
2♤ 3♧ Nimbo
50%
2♤ 2♤ no nap
50%
2♤ 4♡ norse
50%
2♤ 4◇ Nurse
50%
2♤ 7◇ Onyx
50%
2♤ 5♡ unlace
50%
2♤ A♡ windows
50%
2♤ 7♡ yankees
50%
2♤ 6♧ An itchy ape
0%
2♤ 6♤ in a jeep
0%
2♤ 8♡ in a vase
0%
2♤ 8◇ In a vise
0%
2♤ 2♧ Neon pie
0%
2♤ 9♧ New pope
0%
2♤ 9♤ new puppy
0%
2♤ 3♤ nimby
0%
2♤ 5♧ No lip
0%
2♤ T♤ no soap
0%
2♤ 8♧ N V Binoculars
0%
2♤ 8♤ n v blindness
0%
2♤ A♧ On tap
0%
2♤ 7♤ uncap
0%
2♤ 2♡ unionize
0%
2♤ 4♤ unripe
0%
2♤ T♧ Unzip
0%
2♤ A♤ wind up
0%
2♤ 6◇ Wings
0%
No matching quizzes found
Score Distribution
Percent of People with Each Score
Percentile by Number Answered
Your Score History
You have not taken this quiz since the last reset